Australia's trade : influences into the new millennium

Australia's trade: influences into the new millennium has been prepared in response to that announcement. The report looks over the next five to ten years and beyond, addressing the impact of rapid technological change and international economic intergration on Australia's current and futu...

全面介绍

Đã lưu trong:
书目详细资料
企业作者: Foreign Affairs and Trade
格式: 图书
语言:Undetermined
出版: Australia Commonwealth of Australia 2001
主题:
标签: 添加标签
没有标签, 成为第一个标记此记录!
Thư viện lưu trữ: Trung tâm Học liệu Trường Đại học Cần Thơ
LEADER 00928nam a2200205Ia 4500
001 CTU_141237
008 210402s9999 xx 000 0 und d
082 |a 382.30994 
082 |b F714 
110 |a Foreign Affairs and Trade 
245 0 |a Australia's trade : 
245 0 |b influences into the new millennium 
245 0 |c Foreign Affairs and Trade 
260 |a Australia 
260 |b Commonwealth of Australia 
260 |c 2001 
520 |a Australia's trade: influences into the new millennium has been prepared in response to that announcement. The report looks over the next five to ten years and beyond, addressing the impact of rapid technological change and international economic intergration on Australia's current and future export industries,... 
650 |a International economic relations.,Thương mại nước Úc 
904 |i Năm 
980 |a Trung tâm Học liệu Trường Đại học Cần Thơ